000 00375cam a22001217a 4500
008 180718b1954 xxu||||| |||| 00| 0 eng d
082 _aK9 B813
100 _aBrown, J. A. C.
245 _aThe social psychology of industry: human relations in the factory
_cby J. A. C. Brown
260 _aBaltimore
_bPenguine Books
_c1954
300 _a310p.
650 _aPsychology, Industrial
999 _c432901
_d432901